Представление документа в формате MARC21

Поле Инд. ПП Название Значение
Тип записи a
Библиографический уровень m
001 Контрольный номер 735498059ccc47c1b1a45ab985b32368
005 Дата корректировки 20250924135543.0
084 a Индекс другой классификации/Индекс ББК 88
091 i Возрастная адресация (DOS) 16+
097 b Оператор Сунагатуллина; Чирова
245 10 a Заглавие PSYCHOLOGIES / Психолоджис
n Номер части/ раздела 86
260 c Дата издания 2025
900 a Имя макрообъекта 000000383119
901 t Тип документа s